00434nam a2200169Ia 45000010005000000080041000050200013000460400013000590820018000721000019000902450062001092600040001713000011002115460007002226500017002297000018002461223140313s9999 xx 000 0 und d a70577838 cPK-LaUMT a 610.28bHAN- aRichard Skalak aHandbook of bioengineeringcRichard Skalak<>Shu, Co-Chien aNew York, USA:bMcGraw-Hill,c1986. a500 p. aEN aBiomechanics aShu, Co-Chien